000 01245nam a2200229Ia 4500
003 Ost
005 20260507075306.0
008 260507s9999||||xx |||||||||||||| ||und||
020 _a9091422977
040 _cfsecg
041 _aara
082 _a330
100 _aأبو النجا، محمد عبد العظيم
_eمؤلف
245 0 _aأسس التسويق الحديث /
_c محمد عبد العظيم أبو النجا
260 _aالاسكندرية:
_bالدار الجامعية,
_c2011
300 _a484 صفحة؛
_bإيضاحات ؛
_c25 سم
520 _aنظرة عامة على التسويق ، تقسيم السوق الى قطاعات و تحديد السوق الستهدف و بناء المركز الذهني للمنتج ، نظم المعلومات التسويقية و بحوث التسويق ، سلوك المستهلك وأسواق الاعمال و السلوك الشرائي لمشتري الأعمال ، المنتج ، التسعير ، الاتصالات التسويقية ، قنوات التوزيع و أخيرا التسويق الالكتروني.
653 _aأدارة المبيعات
653 _aالتسويق
653 _aالتسويق- تكنولوجيا
942 _cكتاب
999 _c43814
_d43814